Propiedades mecánicas /

Guardado en:
Autor Principal: Hayden, Wayne.
Otros Autores: Moffatt, William G., Wulff, John., Verduzco Rodriguez, Miguel, (Traductor, tr.)
Formato: Libro
Idioma:Spanish
English
Publicado: México : Limusa, 1978.
Series:Introducción a la ciencia de materiales ; 3
Materias:
Etiquetas: Agregar Etiqueta
Sin Etiquetas, Sea el primero en etiquetar este registro!
LEADER 00907nam a22002535a 4500
001 EIQ.libpla003768
008 080311s1978####mx#a#####b####001#0#spa#d
005 20080311192540.0
245 1 0 |a Propiedades mecánicas /  |c Wayne Hayden, William G. Moffatt, John Wulff ; traductor Miguel Verduzco Rodríguez. 
260 |a México :  |b Limusa,  |c 1978. 
300 |a 244 p. :  |b il. ;  |c 23 cm. 
440 0 |a Introducción a la ciencia de materiales ;  |v 3 
500 |a Traducción de: Mechanical behavior. 
504 |a Incluye referencias bibliográficas e índice. 
020 |a 968180516x 
100 1 |a Hayden, Wayne. 
700 1 |a Moffatt, William G. 
700 1 |a Wulff, John. 
700 1 |a Verduzco Rodriguez, Miguel,  |e tr.  |4 trl 
650 4 |a Polímeros  |x Propiedades. 
650 4 |a Materials  |x Properties. 
040 |a AR-BbSID  |b spa  |c AR-BbSID 
041 1 |a spa  |h eng 
859 |a AR-BbSID  |b BIB. PLAPIQUI  |h 620.11  |i H 324  |p 2475